L' istruttoria nel processo di nullità matrimoniale
| Corporate Author: | |
|---|---|
| Format: | Print Book |
| Language: | Italian Latin |
| Subito Delivery Service: | Order now. |
| Check availability: | HBZ Gateway |
| WorldCat: | WorldCat |
| Interlibrary Loan: | Interlibrary Loan for the Fachinformationsdienste (Specialized Information Services in Germany) |
| Published: |
Città del Vaticano
Lib. Ed. Vaticana
2014
|
| In: |
Studi giuridici (108)
Year: 2014 |
| Volumes / Articles: | Show volumes/articles. |
| Series/Journal: | Studi giuridici
108 Annali di dottrina e giurisprudenza canonica 44 |
| Standardized Subjects / Keyword chains: | B
Church law
/ Marriage law
/ Annulment
|
| IxTheo Classification: | SB Catholic Church law |
| Further subjects: | B
Collection of essays
B Matrimonial actions (Canon law) B Marriage Annulment (Canon law) |
MARC
| LEADER | 00000cam a2200000 c 4500 | ||
|---|---|---|---|
| 001 | 812751825 | ||
| 003 | DE-627 | ||
| 005 | 20251224194341.0 | ||
| 007 | tu | ||
| 008 | 141216s2014 xm ||||| 00| ||ita c | ||
| 020 | |a 9788820994198 |c : 40.00 EUR |9 978-88-209-9419-8 | ||
| 035 | |a (DE-627)812751825 | ||
| 035 | |a (DE-576)9812751823 | ||
| 035 | |a (DE-599)GBV812751825 | ||
| 035 | |a (OCoLC)900543660 | ||
| 035 | |a (ZDB-21-EIL)3000274 | ||
| 040 | |a DE-627 |b ger |c DE-627 |e rda | ||
| 041 | |a ita |a lat | ||
| 044 | |c XD-VC | ||
| 050 | 0 | |a KBU3897 | |
| 082 | 0 | |a 262 |2 14 | |
| 084 | |a 1 |a 2 |2 ssgn | ||
| 084 | |a 86.22 |2 bkl | ||
| 084 | |a 86.97 |2 bkl | ||
| 245 | 0 | 3 | |a L' istruttoria nel processo di nullità matrimoniale |c [ed. a cura dell' Arcisodalizio della Curia Romana] |
| 264 | 1 | |a Città del Vaticano |b Lib. Ed. Vaticana |c 2014 | |
| 300 | |a 306 p |c 24 cm | ||
| 336 | |a Text |b txt |2 rdacontent | ||
| 337 | |a ohne Hilfsmittel zu benutzen |b n |2 rdamedia | ||
| 338 | |a Band |b nc |2 rdacarrier | ||
| 490 | 1 | |a Studi giuridici |v 108 | |
| 490 | 1 | |a Annali di dottrina e giurisprudenza canonica |v 44 | |
| 500 | |a Collected essays, 2 already publ., 1 of which in Italian transl., now revised and enlarged | ||
| 500 | |a Incl. law appendix in Latin (p. 255-306) | ||
| 500 | |a Includes bibliographical references | ||
| 650 | 0 | |a Matrimonial actions (Canon law) | |
| 650 | 0 | |a Marriage |x Annulment (Canon law) | |
| 652 | |a SB | ||
| 655 | 7 | |a Aufsatzsammlung |0 (DE-588)4143413-4 |0 (DE-627)105605727 |0 (DE-576)209726091 |2 gnd-content | |
| 689 | 0 | 0 | |d s |0 (DE-588)4030746-3 |0 (DE-627)106268872 |0 (DE-576)208988866 |2 gnd |a Kirchenrecht |
| 689 | 0 | 1 | |d s |0 (DE-588)4013652-8 |0 (DE-627)106342495 |0 (DE-576)208904948 |2 gnd |a Eherecht |
| 689 | 0 | 2 | |d s |0 (DE-588)4151093-8 |0 (DE-627)105548391 |0 (DE-576)20978539X |2 gnd |a Eheaufhebung |
| 689 | 0 | |5 (DE-627) | |
| 710 | 2 | |0 (DE-588)16289950-6 |0 (DE-627)711712743 |0 (DE-576)130646091 |4 oth |a Katholische Kirche |b Curia Romana |b Archisodalitium | |
| 830 | 0 | |a Studi giuridici |v 108 |9 10800 |w (DE-627)169549674 |w (DE-576)014123371 |w (DE-600)1005862-X |7 am | |
| 830 | 0 | |a Annali di dottrina e giurisprudenza canonica |v 44 |9 4400 |w (DE-627)166455334 |w (DE-576)014810077 |w (DE-600)194818-0 |7 am | |
| 935 | |a DAKR | ||
| 936 | b | k | |a 86.22 |j Familienrecht |0 (DE-627)106413406 |
| 936 | b | k | |a 86.97 |j Kirchenrecht |0 (DE-627)106422464 |
| 951 | |a BO | ||
| ACO | |a 1 | ||
| CAN | |a 1 | ||
| ELC | |b 1 | ||
| LOK | |0 000 xxxxxcx a22 zn 4500 | ||
| LOK | |0 001 477021555X | ||
| LOK | |0 003 DE-627 | ||
| LOK | |0 004 812751825 | ||
| LOK | |0 005 20250908150210 | ||
| LOK | |0 008 250908||||||||||||||||ger||||||| | ||
| LOK | |0 040 |a DE-Tue135-3 |c DE-627 |d DE-Tue135-3 | ||
| LOK | |0 092 |o n | ||
| LOK | |0 852 |a DE-Tue135-3 | ||
| LOK | |0 852 1 |9 00 | ||
| LOK | |0 936ln |0 1442053313 |a SB | ||
| LOK | |0 939 |a 08-09-25 |b l01 | ||
| ORI | |a SA-MARC-ixtheoa001.raw | ||
| SPR | |a 1 |t CAN |t IXT | ||
| STA | 0 | 0 | |a Annulment,Dissolution of marriage bond,Marriage dissolution,Marriage annulment,Church law,Ecclesiastical law,Marriage law,Marriage |
| STB | 0 | 0 | |a Annulation du mariage,Droit ecclésiastique,Droit matrimonial |
| STC | 0 | 0 | |a Anulación del matrimonio,Derecho eclesiástico,Derecho matrimonial |
| STD | 0 | 0 | |a Annullamento del matrimonio,Diritto ecclesiastico,Diritto matrimoniale |
| STE | 0 | 0 | |a 婚姻法,婚姻解除,婚姻宣告无效,教会法规,教规 |
| STF | 0 | 0 | |a 婚姻法,婚姻解除,婚姻宣告無效,教會法規,教規 |
| STG | 0 | 0 | |a Anulação do matrimônio,Direito eclesiástico,Direito matrimonial |
| STH | 0 | 0 | |a Брачное право,Каноническое право,Церковное право,Расторжение брака |
| STI | 0 | 0 | |a Ακύρωση γάμου,Δίκαιο του γάμου,Δίκαιο γαμικών σχέσεων,Εκκλησιαστικό Δίκαιο |
| SUB | |a CAN | ||
| SYG | 0 | 0 | |a Ehe , Ehe,Eheschließung,Eheanfechtung,Ehe,Eheschließung |